000 00988nam a2200241 i 4500
001 bg
100 1 _aDZWINEL, Witold
245 1 0 _aInformatyczne problemy i perspektywy symulacji metodą cząstek /
_cWitold Dzwinel.
246 1 1 _aComputational problems and perspectives of simulation using particles
260 _aKraków :
_bWydawnictwa AGH,
_c1996.
300 _a176 s. :
_bfot., rys., wykr. ;
_c24 cm.
490 1 _aRozprawy, Monografie / [Akademia Górniczo-Hutnicza im. S. Staszica] =
_aDissertations, Monographies,
_x0867-6631 ;
_v50
500 _aTyt. równol. : Computational problems and perspectives of simulation using particles.
504 _aBibliogr. s. 164-176. - Summ.
650 9 _aFizyka molekularna
_xmetody
650 9 _aSymulacja
_xmetody
830 0 _aRozprawy, Monografie ([Akademia Górniczo-Hutnicza im. S. Staszica]) ;
_v50
040 _cBPK
041 0 _apl
_ben
080 _a519.87:539.19
942 _cKS
008 s pl f |000 0 pol
999 _c31494
_d31494
856 _uhttp://koha.tu.koszalin.pl/cgi-bin/koha/opac-detail.pl?biblionumber=31494
_yKatalog online BPK